| 000 | 01264cam a2200313 i 4500 | ||
|---|---|---|---|
| 001 | 17536547 | ||
| 003 | OSt | ||
| 005 | 20150408114200.0 | ||
| 008 | 121120t20132013ne a b 001 0 eng | ||
| 010 | _a 2012033482 | ||
| 020 | _a9780123877932 | ||
| 020 | _a0123877938 | ||
| 040 |
_aDLC _beng _cDLC _erda _dDLC |
||
| 042 | _apcc | ||
| 050 | 0 | 0 |
_aQA76.9.D35 _bW48 2013 |
| 082 | 0 | 0 |
_a006.312 _223 _bWHD |
| 100 | 1 |
_aWhitney, Hunter. _941510 |
|
| 245 | 1 | 0 |
_aData insights : _bnew ways to visualize and make sense of data / _cHunter Whitney. |
| 300 |
_aix, 310 pages : _billustrations (some color) ; _c24 cm |
||
| 504 | _aIncludes bibliographical references (pages 297-301) and index. | ||
| 505 | 0 | _aFrom terabytes to insights -- A more beautiful question -- Winning combinations -- Pathways, purposes, and points of view -- Views you can use -- Thinking . . . machines -- Hindsight, foresight, and insight. | |
| 650 | 0 |
_aInformation visualization. _939567 |
|
| 650 | 0 | _aData structures (Computer science) | |
| 650 | 0 |
_ainformation organization. _941511 |
|
| 650 | 0 | _aData mining. | |
| 906 |
_a7 _bcbc _corignew _d1 _eecip _f20 _gy-gencatlg |
||
| 942 |
_2ddc _cBOOK |
||
| 999 |
_c32906 _d267406 |
||